000 00745nam a22002537a 4500
001 000724
003 DO-SdBNP
005 20180212081713.0
007 000724
008 161122b 2008 sp a ||||| |||| 00| 0 spa d
020 _a9788444160771
040 _aBPMSU
_bspa
_cBPMSU
100 1 _aCarr, Jan
245 1 0 _aAl agua con tambor /
_cJan Carr ; ilustraciones Lori Tyminski y Giorgio Vallocani
260 _aMadrid :
_bEverest,
_c2008.
300 _a12 p. :
_bil. ;
_c15 cm.
490 1 _aTambor y su familia
700 1 2 _aTyminski, Lori,
_eil.
700 1 2 _aVallocani, Giorgio,
_eil.
830 0 _aTambor y su familia.
942 _2ddc
_cBK
945 _ainventariado, 2018 / dg
956 _2LOPEREZ
_310
_620161122
_8BPMSU
_a00041
999 _c12021
_d12021